Central Library OPAC University of Rajshahi

Topics in management accounting / (Record no. 59062)

MARC details
000 -LEADER
fixed length control field 00884nam a2200277 a 4500
001 - CONTROL NUMBER
control field 59062
003 - CONTROL NUMBER IDENTIFIER
rucl marc code BD-RjUL
005 - DATE AND TIME OF LATEST TRANSACTION
control field 20211209080705.0
008 - FIXED-LENGTH DATA ELEMENTS--GENERAL INFORMATION
fixed length control field 161220s1980 enka b 001 0 eng
020 ## - INTERNATIONAL STANDARD BOOK NUMBER
International Standard Book Number 0860035085 :
Terms of availability £14.00
International Standard Book Number 086003609X (pbk.)
035 ## - SYSTEM CONTROL NUMBER
System control number (BD-RjUL)59186
040 ## - CATALOGING SOURCE
Original cataloging agency DLC
Transcribing agency DLC
Modifying agency DLC
Language of cataloging eng
041 ## - LANGUAGE CODE
Language code of text/sound track or separate title eng
082 00 - DEWEY DECIMAL CLASSIFICATION NUMBER
Classification number 658.1511
Edition number 19
Author mark and year TOP 1981
245 00 - TITLE STATEMENT
Title Topics in management accounting /
Statement of responsibility, etc. edited by John Arnold, Bryan Carsberg & Robert Scapens.
260 ## - PUBLICATION, DISTRIBUTION, ETC. (IMPRINT)
Place of publication, distribution, etc. Deddington [Eng.] :
Name of publisher, distributor, etc. P. Allan,
Date of publication, distribution, etc. 1980 [reprint 1980]
300 ## - PHYSICAL DESCRIPTION
Pagination viii, 300 p. :
Illustrations ill. ;
Size 23 cm.
504 ## - BIBLIOGRAPHY, ETC. NOTE
Bibliography, etc Includes bibliographies and index.
650 #0 - SUBJECT ADDED ENTRY--TOPICAL TERM
Topical term or geographic name as entry element Managerial accounting.
9 (RLIN) 175029
700 1# - ADDED ENTRY--PERSONAL NAME
Personal name Arnold, John Andre.
Personal name Carsberg, Bryan V.
Personal name Scapens, Robert William.
942 ## - ADDED ENTRY ELEMENTS (KOHA)
Source of classification or shelving scheme Dewey Decimal Classification
Koha item type Books
Holdings
Lost status Source of classification or shelving scheme Damaged status Not for loan Collection code Permanent Location Current Location Shelving location Date acquired Source of acquisition Cost, normal purchase price Total Checkouts Full call number Date last seen Copy number Koha item type
  Dewey Decimal Classification   Not For Loan Non-fiction Central Library, University of Rajshahi Central Library, University of Rajshahi Reading Room 03/05/1983 Heffer and sons 7.95   658.1511 TOP 1981 20/12/2016 C-1 Books
  Dewey Decimal Classification     Non-fiction Central Library, University of Rajshahi Central Library, University of Rajshahi   03/05/1983 Heffers 7.45   658.1511 TOP 1981 13/04/2019 C-2 Books
  Dewey Decimal Classification     Non-fiction Central Library, University of Rajshahi Central Library, University of Rajshahi   03/05/1983 Heffers 7.45   658.1511 TOP 1981 13/04/2019 C-3 Books